000 00572nam a2200193Ia 4500
003 IN-BaIIA
008 211028s9999 xx 000 0 eng d
020 _a0-87692-572-7
040 _cIIA Library
080 _a533
_bUBE
100 _aUberoi, C.
_916712
245 0 _aIntroduction to unmagnetized plasmas
_cC. Uberoi
260 _aNew Delhi
_bPrentice-Hall
_c1988
300 _aviii,182p.
650 _aAstronomy and astrophysics thesaurus
650 _aPlasma physics
_93732
650 _aPlasmas
_91898
942 _cBK
999 _c9860
_d9860